000 00295nam a22001337a 4500
008 180104b xxu||||| |||| 00| 0 eng d
020 _a9780553082531
041 _aeng
080 _a316
100 _a50
101 _aSOC
245 _aThe New Male Sexuality
_cZilbergeld, B
942 _2udc
_cBK
999 _c39729
_d39729